Quizzes
Events
Quiz Creation
Community
Videos
Private Events
Remove Ads
Sign In
Join for FREE
Feedback
Dark Mode
Quiz Categories
Sports
Geography
Music
Movies
Television
Just For Fun
Miscellaneous
History
Literature
Language
Science
Gaming
Entertainment
Religion
Holiday
For Kids
Quiz Lab
Recent
Popular Today
Quiz Kudos Today
Editor Picks
Curator Picks
Quizzes by...
Day
Popularity
Type
Ratings
Length
Year
Community
Subscriptions
Recent Discussions
Orange Saloon
Badges
Playlists
Quests
Create
Leaderboards
Showdown
Live 5
Trivia Bingo
Activity
Puzzle Library
Sporcle Events
Private Events
Virtual Trivia
Globe League
Become a Host
Pub Owners
SporcleCon
Opinionation
Our Games
Videos
Blog
Mobile Apps
Partnerships
Remove Ads and Go Orange
Feedback
Television
TV Characters
TV Show
Sitcom
Network
Friends
Reality Shows
Cast
South Park
Star Trek
The Simpsons
Doctor Who
Television
TV Characters
TV Show
Sitcom
Network
Friends
Reality Shows
Cast
South Park
Star Trek
The Simpsons
Doctor Who
Random Quiz
Search Sporcle
×
Quiz Lab
Quiz Lab
Television
Pizza
Type in answers that appear in a list
Type in answers that appear in a list
Classic
Best Score? Go Orange.
Characters of Samurai Pizza Cats Stats
Can you name the characters of Samurai Pizza Cats?
By
russman10987
4m
29 Questions
69 Plays
69 Plays
69 Plays
Comments
Comments
Give Quiz Kudos
Give Quiz Kudos
-
- Ratings
hide this ad
Replay
Link that replays current quiz
Next Quiz
Link to next quiz in quiz playlist
You Got
0%
They Got
Avg Score
41%
Avg Friend Score
Upgrade to see
Score Distribution
Jump to the score distribution portion of the page
Score
0/29
Timer
04:00
0
Plays Today
Hint
Character
% Correct
Samurai Pizza Cat
Speedy Cervice
91.3%
Samurai Pizza Cat
Polly Esther
89.9%
Samurai Pizza Cat
Guido Anchovy
84.1%
Villain
The Big Cheese
75.4%
Pizza Cat Blaster
Francine
56.5%
Voiceover
The Narrator
55.1%
Royalty
Emperor Fred
55.1%
Royalty
Princess Vi
55.1%
Villain
Bad Bird
55.1%
Rescue Team
Bat Cat
44.9%
Pizza Cat Boss
Big Al Dente
43.5%
Rescue Team
Spritz T. Cat
43.5%
Civilian
Lucille
40.6%
Rescue Team
Meowzma O'Tool
39.1%
Villain
Jerry Atric
39.1%
Hint
Character
% Correct
Rescue Team
General Catton
37.7%
New York Pizza Cat
The Sundance Kid
33.3%
New York Pizza Cat
Deedee
31.9%
New York Pizza Cat
Cosmo
31.9%
Wise Cat
Guru Lou
30.4%
Giant Robot Cat
The Supreme Catatonic
29%
Civilian
Momma Mutt
29%
Civilian
Junior
23.2%
Rude Noise
Bad Max
15.9%
Rude Noise
Cannonball Battery
14.5%
Rude Noise
Mojo Rojo
13%
Civilian
Carla Crow
11.6%
Rude Noise
Ronnie Geissmuller
11.6%
Villain
Yard Bird
10.1%
Quiz Playlist
Details
Report
Send in Message
Add To Playlist
Classic:
Type in answers that appear in a list
Quiz Source
Last Updated: Feb 16, 2017
Quiz Scoreboard
CHALLENGE
Sign Up to Join the Scoreboard
Show All
Scores
Hide
Comments
May contain spoilers
Recently Published
Click the 1999 NBA Draft
by nibperrychub
Sports
2m
Alphabetical 'K' Countries by Flag Minefield
by ylime102
Geography
3m
Pick 6: Fruits
by JohnFran
Miscellaneous
15s
More to Explore
Quiz From the Vault
Featured Blog Post
15 Basketball Trivia Facts You Can Be March Mad About
hide this ad
You Might Also Like...
Tags
cat
Character
Pizza
samurai
Today's Top Quizzes in Television
Browse Television
hide this ad
Today's Top Quizzes in Pizza
Browse Pizza
Top Contributed Quizzes in Television
1
Hidden Simpsons Character
2
First Name TV: Leading Men
3
Hidden Simpsons Character XXIV
4
First Name TV: Leading Women Drama
5
Pick A Pair: Religious TV
6
Hidden Simpsons Character XXV
7
Hidden Simpsons Character XXVI
8
Demon Slayer Impossible Quiz
9
Hidden Simpsons Character II
10
One Piece Logic Puzzle
Explore More
Trending Topics
Anime
NBA
Kpop
Crossword
Disney
Harry Potter
Marvel
Puzzle
NFL
Pokémon
Soccer
WWE
The Office
Song
Country
hide this ad
More By:
russman10987
Quiz
Plays
Rating
Category
Featured
Created
IGN's Top 100 RPGs of All Time
6,299
4.45
Gaming
Sep 18, 2012
Soul Calibur Series Characters
2,020
4.00
Gaming
Jan 24, 2010
US Soccer Players with 10 Caps or More
1,242
5.00
Sports
Mar 23, 2011
IGN's top 25 Playstation 2 Games
1,172
4.40
Gaming
Jan 19, 2010
US Soccer All Time Goal Scorers
817
5.00
Sports
Mar 14, 2011
Go to Creator's Profile
Score Distribution
Quiz Creator Spotlight
russman10987
Follow
Send a Message
Quizzes Created
-
Created Quiz Play Count
-
More By This Creator
Popular Quizzes Today
1
Countries of Asia Without Outlines Minefield
2
Find the US States - No Outlines Minefield
3
Pick 6: Fruits
4
Alphabetical 'K' Countries by Flag Minefield
5
The Countries of the World
6
Find the US States
7
US States
8
Match the Book to the Film X
More Television Quizzes
The Office Fire Drill: Who Does What?
Curator's Pick
Trending Quizzes
Pick 6: Harry Potter
Pick 6: Mountains
Pick 6: NFL Teams
Pick 6: Flags
Pick 6: Movie Franchises
Recently Updated
NWSL Teams
pecheneg
Women's Final Four Teams by Year
bhenderson79
Presidents Quartet II
eogle
Anything But Clue(do)
eogle
Anything But Oceanian Capitals
eogle
Anything But 7
eogle
Anything But Thing
eogle
Word Ladder: February 29
pecheneg
Song Title Questions
pecheneg
Women's NCAA Tournament #1 Seeds
pecheneg
Trending Topics
Kpop
NBA
Crossword
Anime
Harry Potter
Marvel
Disney
Country
Puzzle
Song
NFL
Pokémon
The Office
WWE
Soccer
Your Account Isn't Verified!
In order to create a playlist on Sporcle, you need to verify the email address you used during registration. Go to your
Sporcle Settings
to finish the process.
Report this User
Report this user for behavior that violates our
Community Guidelines
.
Details:
Send Report
Go to the Sporcle.com Mobile Site →
Comments